000 00283nam a22001097a 4500
008 230621b xxu||||| |||| 00| 0 eng d
082 _a327.6
_bTHI 1965
245 _aThe Foreign Policy of African States
260 _aLondon
_bPhoenix House
_c1965
300 _aXV,134p
942 _2ddc
_cBK
999 _c1959
_d1959